书目信息 |
| 题名: |
居住区景观设计
|
|
| 作者: | 李映彤 主编 | |
| 分册: | ||
| 出版信息: | 北京 清华大学出版社 2011.7 |
|
| 页数: | 12,140页 | |
| 开本: | 29cm | |
| 丛书名: | ||
| 单 册: | ||
| 中图分类: | TU984.12 | |
| 科图分类: | ||
| 主题词: | 居住区--景观设计--高等教育--教材 , 居住区 , 景观设计 | |
| 电子资源: | ||
| ISBN: | 978-7-302-25110-1 | |
| 000 | 00892nam0 2200265 450 | |
| 001 | 0400009451 | |
| 005 | 20171121080909.0 | |
| 010 | @a978-7-302-25110-1@dCNY53.00 | |
| 100 | @a20171121c20162011em y0chiy ea | |
| 101 | 0 | @achi |
| 102 | @aCN@b110000 | |
| 105 | @aa z 000yy | |
| 106 | @ar | |
| 200 | 1 | @a居住区景观设计@Aju zhu qu jing guan she ji@f李映彤主编 |
| 210 | @a北京@c清华大学出版社@d2011.7@h2016.8 | |
| 215 | @a12,140页@c彩照,图@d29cm | |
| 300 | @a高等教育艺术设计精编教材 环境设计类 | |
| 330 | @a本书主要着眼于居住区的景观设计,同时由针对性地探讨室内外空间相互融合的方法,并针对性地介绍景观设计在居住区环境系统中的运用。 | |
| 606 | 0 | @a居住区@x景观设计@x高等教育@j教材 |
| 606 | 0 | @a居住区 |
| 606 | 0 | @a景观设计 |
| 690 | @aTU984.12@v4 | |
| 701 | 0 | @a李映彤@Ali ying tong@c(建筑设计)@4主编 |
| 801 | 0 | @aCN@b上海新华@c20171121 |
| 905 | @b1028942-6@dTU984.12@e1396@f5 | |
| 居住区景观设计/李映彤主编.-北京:清华大学出版社,2011.7(2016.8) |
| 12,140页:彩照,图;29cm |
| 高等教育艺术设计精编教材 环境设计类 |
| ISBN 978-7-302-25110-1:CNY53.00 |
| 本书主要着眼于居住区的景观设计,同时由针对性地探讨室内外空间相互融合的方法,并针对性地介绍景观设计在居住区环境系统中的运用。 |
| ● |
| 相关链接 |
|
|
|
|
正题名:居住区景观设计
索取号:TU984.12/1396
 
预约/预借
| 序号 | 登录号 | 条形码 | 馆藏地/架位号 | 状态 | 备注 |
| 1 | 1028942 | 210289427 | 第二样本阅览室/ [索取号:TU984.12/1396] | 在馆 | |
| 2 | 1028943 | 210289436 | 密集书库-生命科学系/ [索取号:TU984.12/1396] | 在馆 | |
| 3 | 1028944 | 210289445 | 第三借阅区/ [索取号:TU984.12/1396] | 在馆 | |
| 4 | 1028945 | 210289454 | 第三借阅区/ [索取号:TU984.12/1396] | 在馆 | |
| 5 | 1028946 | 210289463 | 第三借阅区/ [索取号:TU984.12/1396] | 在馆 |